Statistics for The 9 USA states containing "do" re" or "mi" in their name

Click here to take the quiz!

General Stats

  • This quiz has been taken 115 times
  • The average score is 6 of 9

Answer Stats

HintAnswer% Correct
6Minnesota
82%
7Mississippi
80%
1Colorado
79%
5Michigan
77%
8Missouri
77%
4Oregon
59%
2Delaware
41%
3New Hampshire
32%
9Wyoming
30%

Score Distribution

Percentile by Number Answered

Percent of People with Each Score

Your Score History

You have not taken this quiz